Bands From UK Cities - Statistics

General Stats
  • This quiz has been taken 105 times
    87 since last reset
  • The average score is 7 of 9
Answer Stats
Hint Answer % Correct
The Beatles Liverpool
100%
Oasis Manchester
100%
Blur London
99%
Arctic Monkeys Sheffield
90%
The Proclaimers Edinburgh
83%
Franz Ferdinand Glasgow
82%
Duran Duran Birmingham
76%
Radiohead Oxford
54%
Kasabian Leicester
51%
No matching quizzes found
Score Distribution
Percent of People with Each Score
Percentile by Number Answered
Your Score History
You have not taken this quiz since the last reset